[Event "Moscow-ch"]
[Site "Moscow"]
[Date "2001.??.??"]
[Round "3"]
[White "Kholmov, Ratmir D"]
[Black "Halyavskiy, Nikita"]
[Result "1/2-1/2"]
[WhiteElo "2420"]
[BlackElo "2250"]
[PlyCount "63"]
[EventDate "2001.??.??"]
[EventType "swiss"]
[EventRounds "9"]
[EventCountry "RUS"]
[SourceTitle "EXT 2002"]
[Source "ChessBase"]
[SourceDate "2001.11.25"]
[SourceVersion "1"]
[SourceVersionDate "2001.11.25"]
[SourceQuality "1"]

1. e4 c5 2. Nf3 Nc6 3. d4 cxd4 4. Nxd4 Nf6 5. Nc3 g6 6. Be3 Bg7 7. Bc4 0-0 8. Bb3 d6 9. h3 Bd7 10. 0-0 a6 11. a4 Na5 12. Qd3 e5 13. Nde2 Nxb3 14. cxb3 Be6 15. Rfd1 Bxb3 16. Rd2 Rc8 17. Qxd6 Qxd6 18. Rxd6 Rc6 19. Rd2 Re8 20. f3 Bf8 21. Nc1 Bc4 22. a5 Kg7 23. Kf2 Rec8 24. Nd3 Nd7 25. Nb4 Bxb4 26. Rxd7 R6c7 27. Rxc7 Rxc7 28. Bb6 Rc8 29. Rd1 Be6 30. Rd8 Bxc3 31. bxc3 Rxc3 32. Re8 1/2-1/2

[Event "Moscow-ch"]
[Site "Moscow"]
[Date "2001.??.??"]
[Round "7"]
[White "Moiseenko, Vladimir"]
[Black "Halyavskiy, Nikita"]
[Result "1-0"]
[WhiteElo "2126"]
[BlackElo "2250"]
[PlyCount "115"]
[EventDate "2001.??.??"]
[EventType "swiss"]
[EventRounds "9"]
[EventCountry "RUS"]
[SourceTitle "EXT 2002"]
[Source "ChessBase"]
[SourceDate "2001.11.25"]
[SourceVersion "1"]
[SourceVersionDate "2001.11.25"]
[SourceQuality "1"]

1. e4 c5 2. Nc3 g6 3. f4 Bg7 4. Nf3 Nc6 5. Bb5 d6 6. Bxc6+ bxc6 7. d3 Rb8 8. 0-0 e6 9. Qe1 Ne7 10. Rb1 0-0 11. Na4 c4 12. d4 Ba6 13. Rf2 Bb5 14. Nc3 Qc7 15. Be3 Ba6 16. e5 f5 17. Na4 Nd5 18. exd6 Qxd6 19. Nc5 Bc8 20. c3 Nb6 21. Bd2 Bd7 22. Re2 Rbe8 23. Qf2 Bc8 24. Rbe1 Rf6 25. Ne5 Qd5 26. Qf3 Bf8 27. Nxc6 Qxf3 28. gxf3 Bxc5 29. dxc5 Na4 30. Be3 Bb7 31. Ne5 Bd5 32. Bd4 Rff8 33. Rb1 Re7 34. b4 Rb8 35. b5 Rc7 36. Rb4 Nxc5 37. Bxc5 Rxc5 38. Nd7 a5 39. Rbb2 Rbxb5 40. Nxc5 Rxc5 41. Kf2 h6 42. a4 Rc7 43. Rb5 Ra7 44. Rc5 Rb7 45. Rb5 Ra7 46. Rb6 Kf7 47. Ke3 g5 48. Reb2 Kf6 49. R2b5 Ke7 50. Rc5 Rd7 51. Rxa5 g4 52. fxg4 fxg4 53. f5 h5 54. fxe6 Rd8 55. Ra7+ Ke8 56. Rh7 Ra8 57. Rd6 Bf3 58. Rdd7 1-0